Kadra reprezentacji Anglii - MŚ 2014 - Statystyki

Ogólne statystyki
  • Ten quiz został rozwiązany 44 razy
  • Średni wynik to 10 z 24
Statystyki odpowiedzi
Nr Zawodnik Poz % Poprawnych
1 Joe Hart BR
98%
4 Steven Gerrard PO
85%
8 Frank Lampard PO
83%
10 Wayne Rooney NA
83%
17 James Milner PO
58%
14 Jordan Henderson PO
58%
19 Raheem Sterling NA
58%
5 Gary Cahill OB
55%
11 Danny Welbeck NA
50%
9 Daniel Sturridge NA
43%
23 Luke Shaw OB
33%
6 Phil Jagielka OB
30%
2 Glen Johnson OB
28%
3 Leighton Baines OB
28%
16 Phil Jones OB
28%
# Roy Hodgson Trener
28%
7 Jack Wilshere PO
25%
12 Chris Smalling OB
23%
15 Alex Oxlade-Chamberlain PO
20%
13 Ben Foster BR
20%
22 Fraser Forster BR
18%
20 Adam Lallana PO
15%
18 Rickie Lambert NA
13%
21 Ross Barkley PO
10%
Nie znaleziono quizów pasujących do podanych kryteriów
Rozkład punktacji
Procent ludzi z każdym wynikiem
Percentyl według liczby udzielonych odpowiedzi
Twoja historia wyników
Nie rozwiązałeś tego quizu